000 01079nam a22002537a 4500
999 _c64863
_d64863
005 20240530110755.0
008 181227s2018 ua g b 000 0 ara d
017 _a2017/26502
_bمصر. دار الكتب
020 _a9789770485552
040 _aEG-CaGPL
_cEG-CaGPL
082 0 4 _221
_a342.082/
_bد م
100 0 _aدينا عبدالعزيز فهمى
245 1 2 _aالمواجهة الجنائية لجرائم الهجرة غير الشرعية فى ضوء القانون رقم 82 لسنة 2016 والقانون المقارن /
_cاعداد دينا عبدالعزيز فهمى
250 _aط.1
260 _aالقاهرة :
_bدار النهضة العربية،
_c2018.
300 _a222 ص. ؛
_c24 سم.
504 _aيشتمل على ارجاعات ببليوجرافية
650 0 7 _2qrmak
_aالقانون المقارن
650 0 7 _2qrmak
_aالهجرة
_xقوانين وتشريعات
650 0 7 _2qrmak
_aالهجرة
_zالجوانب الاجتماعية
651 _2qrmak
942 _2ddc
_cBK